Corporate Liquidity Management and Measurement

Guardado en:
Detalles Bibliográficos
Autor principal: Kallberg, Jarl G.
Otros Autores: Parkinson, Kenneth L.
Formato: Libro
Lenguaje:inglés
Publicado: Homewood IRWIN 1993
Edición:1. ed.
Materias:
Etiquetas: Agregar Etiqueta
Sin Etiquetas, Sea el primero en etiquetar este registro!

MARC

LEADER 00000nam a2200000 4500
001 c016841
005 20221206075436.0
020 |a 0-256-11844-2 
041 0 |a eng 
044 |a US 
245 1 0 |a Corporate Liquidity  |b Management and Measurement  |c Jarl G. Kallberg, Kenneth L. Parkinson 
250 |a 1. ed. 
264 1 |a Homewood  |b IRWIN  |c 1993 
300 |a 603 s. 
610 2 0 |a likvidita 
610 2 0 |a spoločnosti finančné 
610 2 0 |a účtovníctvo finančné 
610 2 0 |a riadenie 
100 1 |a Kallberg, Jarl G. 
700 1 |a Parkinson, Kenneth L.